Urheilijoita valtioittain #1 - Statistics

Yleistilastot
  • Tätä visaa on pelattu 1 426 kertaa
  • Keskiarvotulos 14 / 24
Vastaustilastot
Urheilija Valtio % Oikein
Michael Jordan Yhdysvallat
98%
Teemu Selänne Suomi
96%
Diego Maradona Argentiina
94%
Usain Bolt Jamaika
92%
David Beckham Yhdistynyt kuningaskunta
90%
Cristiano Ronaldo Portugali
89%
Sebastian Vettel Saksa
86%
Ichirō Suzuki Japani
83%
Björn Borg Ruotsi
83%
Kim Yu-na Etelä-Korea
78%
Marija Šarapova Venäjä
77%
Novak Đoković Serbia
65%
Luis Suárez Uruguay
65%
Rafael Nadal Espanja
62%
Marta Brasilia
49%
Haile Gebrselassie Etiopia
39%
Nadia Comăneci Romania
33%
Oksana Bajul Ukraina
32%
Hakeem Olajuwon Nigeria
28%
Donald Bradman Australia
27%
Manny Pacquiao Filippiinit
23%
Eddy Merckx Belgia
19%
Gary Player Etelä-Afrikka
19%
Miguel Cabrera Venezuela
11%
Ehtoja vastaavia visoja ei löytynyt
Tulosjakauma
Jokaisen tuloksen saaneiden osuus
Persentiili vastausten määrän mukaan
Tuloshistoriasi
Et ole pelannut tätä visaa